Four Letter Disney/Pixar Characters - Statistics

General Stats
  • This quiz has been taken 178 times
    177 since last reset
  • The average score is 18 of 29
Answer Stats
Hint Answer % Correct
____ and the Tramp Lady
96%
Lost fish Nemo
96%
Stitch's best friend Lilo
95%
Frozen sisters Elsa
93%
Anna
90%
Forgetful fish Dory
90%
Tarzan's wife Jane
89%
Lion that killed Mufasa Scar
89%
Simba's love interest Nala
85%
Toy Owner Andy
76%
One-eyed monster Mike
73%
Fast dog Bolt
70%
Reindeer Sven
69%
Chipmunks Chip
65%
Dale
65%
Rat that likes to cook Remy
65%
Inside Out emotion Fear
63%
Fast Incredible Dash
60%
Parrot from Aladdin Iago
60%
Toy Story piggy bank Hamm
55%
Emperors New Groove Antagonist Yzma
52%
Husband of Ellie Carl
47%
A Bug's Life ant Flik
46%
Mickey Mouse antagonist Pete
43%
The Good Dinosaur Arlo
38%
Octopus Hank
29%
Cub from Alaska Koda
21%
Tank Gang leader Gill
16%
Bird from The Lion King Zazu
2%
No matching quizzes found
Score Distribution
Percent of People with Each Score
Percentile by Number Answered
Your Score History
You have not taken this quiz since the last reset